000 01070cad a22002055a 4500
001 L141435
008 071123e20071018xxk f 000 0 eng d
035 _a(Sirsi) u141435
041 0 _aeng
050 0 4 _a526.9 $2 18
110 2 _aRoyal Institution of Chartered Surveyors
_94900
245 0 0 _aScale
_bonce it's digital isn't everything full size?
_h[electronic resource]
260 _aLondon
_bRICS
_c2007
520 _aClient guide outlines issues of scale as it relates to digital mapping and surveying. Outlines the relationship between scale and accuracy. Includes advice on selection of an appropriate scale, survey detail, text and output. Contains a quick specification for topographical and measured building surveys. Aimed at the UK market, but a number of the principles are applicable globally.
590 _aKA
651 4 _aUnited Kingdom
_y
690 _aENVIRONMENTAL AND LAND CONSULTANCY-GEOMATICS-MAPPING AND POSITIONING
856 4 0 _uhttps://www.rics.org/Global/Downloads/Scale.pdf
_zView the item free of charge at www.rics.org...
942 _n0
999 _c107663
_d107663